Statistics for Call of War Units

Click here to take the quiz!

General Stats

  • This quiz has been taken 24 times
  • The average score is 29 of 36

Answer Stats

Answer% Correct
Anti Air
100%
Artillery
100%
Submarine
100%
Anti Tank
93%
Cruiser
93%
Heavy Tank
93%
Infantry
93%
Light Tank
93%
Mechanized Infantry
93%
Medium Tank
93%
Motorized Infantry
93%
Strategic Bomber
93%
Tactical Bomber
93%
Aircraft Carrier
86%
Attack Bomber
86%
Battleship
86%
Commandos
86%
Destroyer
86%
Naval Bomber
86%
Rocket
86%
SP Anti Air
86%
SP Artillery
86%
Tank Destroyer
86%
Armored Car
79%
Militia
79%
Paratroopers
79%
Interceptor
71%
Nuclear Bomber
71%
Rocket Artillery
71%
SP Rocket Artillery
71%
Atomic Bomb
64%
Nuclear Rocket
64%
Flying Bomb
57%
Rocket Fighter
57%
Railroad Gun
50%
Transport Ship
43%

Score Distribution

Percentile by Number Answered

Percent of People with Each Score

Your Score History

You have not taken this quiz